000 01191nam a2200265 i 4500
001 16444
003 ES-MaACL
005 20230906151324.0
007 t|
008 000921s1993 it ||||1| ita d
080 _a1 Epicuro (064.3)
080 _a17.036.1(064.3)
245 0 0 _aEpicuro e l'epicureismo nei papiri ercolanesi :
_bmostra bibliografica e documentaria in occasione del Congresso internazionale "L'Epicureismo greco e romano", 19-26 maggio 1993 /
_cBiblioteca nazionale Vittorio Emanuele III di Napoli, Centro internazionale per lo studio dei papiri ercolanesi, Istituto italiano per gli studi filosofici.
260 _aNapoli :
_bCentro Internazionale per lo Studio dei Papiri Ercolanesi,
_c1993.
300 _a209 p., [7] h. de lám. col. y n. ;
_c24 cm.
600 0 4 _aEpicuro-
_vExposiciones.
_9173243
650 4 _aEpicureísmo-
_vExposiciones.
_9173244
650 _aPapiros.
_9136652
655 7 _2tgfbne
_9193628
_aCatálogos de exposiciones
710 2 _aBiblioteca nazionale di Napoli.
_9173245
710 2 _aCentro Internazionale per lo Studio dei Papiri Ercolanesi.
_92750
852 _aES-MaACL
_jG-2161
942 _2udc
999 _c16444
_d16444